<?xml version="1.0" encoding="UTF-8"?>
<record
    xmlns:xsi="http://www.w3.org/2001/XMLSchema-instance"
    xsi:schemaLocation="http://www.loc.gov/MARC21/slim http://www.loc.gov/standards/marcxml/schema/MARC21slim.xsd"
    xmlns="http://www.loc.gov/MARC21/slim">

  <leader>01841nam a22002657a 4500</leader>
  <controlfield tag="005">20260507115434.0</controlfield>
  <controlfield tag="008">260507b        |||||||| |||| 00| 0 eng d</controlfield>
  <datafield tag="022" ind1=" " ind2=" ">
    <subfield code="a">0261-1929</subfield>
  </datafield>
  <datafield tag="040" ind1=" " ind2=" ">
    <subfield code="a">MMSU</subfield>
    <subfield code="c">ULS</subfield>
  </datafield>
  <datafield tag="210" ind1=" " ind2=" ">
    <subfield code="a">ATLA</subfield>
  </datafield>
  <datafield tag="222" ind1=" " ind2=" ">
    <subfield code="a">Alternatives to Laboratory Animals</subfield>
  </datafield>
  <datafield tag="245" ind1=" " ind2=" ">
    <subfield code="a">ATLA :</subfield>
    <subfield code="b">Alternatives to laboratory animals</subfield>
  </datafield>
  <datafield tag="260" ind1=" " ind2=" ">
    <subfield code="a">London: </subfield>
    <subfield code="b">Sage Publications,</subfield>
    <subfield code="c">2025-</subfield>
  </datafield>
  <datafield tag="300" ind1=" " ind2=" ">
    <subfield code="a">volumes ;</subfield>
    <subfield code="c">28 cm.</subfield>
  </datafield>
  <datafield tag="310" ind1=" " ind2=" ">
    <subfield code="a">Six times a year.</subfield>
  </datafield>
  <datafield tag="362" ind1=" " ind2=" ">
    <subfield code="a">Volume 53, Number 5 (September 2025-      )</subfield>
  </datafield>
  <datafield tag="500" ind1=" " ind2=" ">
    <subfield code="a">ATLA is a peer-reviewed journal, intended to cover all aspects of the development, validation, implementation and use of alternatives to laboratory animals in biomedical research and toxicity testing. In addition to the replacement of animals, it also covers work that aims to reduce the number of animals used and refine the in vivo </subfield>
  </datafield>
  <datafield tag="505" ind1=" " ind2=" ">
    <subfield code="t">Combinatorial induction with valproic acid and fibroblast growth factor-9 enhances neural differentiation and cell fate commitment in adipose tissue-derived mesenchymal stem cells (pp. 249&#x2013;260)  /</subfield>
    <subfield code="r">Lubna Khan, Nazia Ahmed, and Bushra Kiran Naeem</subfield>
  </datafield>
  <datafield tag="505" ind1=" " ind2=" ">
    <subfield code="t">Mesoporous bioactive glass nanoparticles exhibit intrinsic angiogenic potential in the chorioallantoic membrane assay, without the addition of exogenous cells (pp. 261&#x2013;270) /</subfield>
    <subfield code="r">Maximilian N. Moll, Qaisar Nawaz, and Fabian Westhauser</subfield>
  </datafield>
  <datafield tag="505" ind1=" " ind2=" ">
    <subfield code="t">The Recombinant Antibodies &amp; Mimetics Database: Redefining the future of antibody use in science (pp. 271&#x2013;280) /</subfield>
    <subfield code="r">Stephanie Modi</subfield>
  </datafield>
  <datafield tag="505" ind1=" " ind2=" ">
    <subfield code="t">Biosensor-based approaches: Exploring hapten&#x2013;protein interactions for the prediction of skin sensitisation (pp. 281&#x2013;300) /</subfield>
    <subfield code="r">Teh Ubaidah Noh and Nurul Izzah Khalid</subfield>
  </datafield>
  <datafield tag="650" ind1=" " ind2=" ">
    <subfield code="a">Biomedical research</subfield>
    <subfield code="v">Periodicals</subfield>
  </datafield>
  <datafield tag="650" ind1=" " ind2=" ">
    <subfield code="a">Animals as alternatives in laboratoies</subfield>
    <subfield code="v">Periodicals</subfield>
  </datafield>
  <datafield tag="942" ind1=" " ind2=" ">
    <subfield code="2">lcc</subfield>
    <subfield code="c">SERIALS</subfield>
  </datafield>
  <datafield tag="999" ind1=" " ind2=" ">
    <subfield code="c">29091</subfield>
    <subfield code="d">29091</subfield>
  </datafield>
  <datafield tag="952" ind1=" " ind2=" ">
    <subfield code="0">0</subfield>
    <subfield code="1">0</subfield>
    <subfield code="2">ddc</subfield>
    <subfield code="4">0</subfield>
    <subfield code="7">0</subfield>
    <subfield code="a">MMSU_MAIN</subfield>
    <subfield code="b">MMSU_MAIN</subfield>
    <subfield code="c">SERIALS (Foreign)</subfield>
    <subfield code="d">2026-05-07</subfield>
    <subfield code="h">Volume 53, Number 5 (September 2025)</subfield>
    <subfield code="l">0</subfield>
    <subfield code="p">SERIALS-166</subfield>
    <subfield code="r">2026-05-07</subfield>
    <subfield code="w">2026-05-07</subfield>
    <subfield code="y">SERIALS</subfield>
    <subfield code="z">ROOM USE ONLY</subfield>
  </datafield>
</record>
